| 000 | 01111cam a22001934a 4500 | ||
|---|---|---|---|
| 005 | 20250605164359.0 | ||
| 008 | 250528s ||||||||||||||||||||||||d | ||
| 035 | _a24512 | ||
| 040 |
_aGR-AtMCL _bgre _dGR-AtMCL _eAACR2 |
||
| 245 | 1 | _aΗ Πραγματική Επιβράβευση Έρχεται από τον Πελάτη / The Ad Store | |
| 260 | _c2014 | ||
| 300 | _a34 | ||
| 520 | _aAdvertising Goes Native, 'Ασημένιες' Διακρίσεις για Vodafone και JWT Spot Athens, Βιωματικό και Στρατηγικό και Αποτελεσματικό, Κυρίαρχη Τάση το Pet Humanization, Οι Κυκλοφορίες Πέφτουν και η Διαφήμιση Μειώνεται και οι Εφημερίδες Αυξάνονται, Ενισχύεται με την Προσθήκη του Παναγιώτη Ροτζιώκου, Όταν Εξελίσσονται σε Υποχείριο Προπαγάνδας. | ||
| 700 | 1 |
_aΚορδελάς Δημήτρης _99464 |
|
| 942 | _cCR | ||
| 710 | 2 |
_aThe Marketing Week _99825 |
|
| 999 |
_c9389 _d9389 |
||